Normal view MARC view
  • SKINNER, BURRHUS FREDERIC,

Entry Nombre Personal

Number of records used in: 5

001 - NUMERO DE CONTROL

  • campo de control: 25772

003 - IDENTIFICADOR DE NUMERO DE CONTROL

  • campo de control: UPN

005 - FECHA Y HORA DE LA ÜLTIMA TRANSACCIÓN

  • campo de control: 20210219194026.0

008 - DATOS DE LONGITUD FIJA

  • campo de control de longitud fija: nabaccnnaabn|||||||||| b |nc|||||d

035 ## - NUMERO DE CONTROL

  • Número de control: UPN10000025781

040 ## - FUENTE DE CATALOGACIÓN

  • Lenguaje de catalogación: SPA
  • Agencia de transcripción: UPN

100 1# - ENCABEZAMIENTO - NOMBRE PERSONAL

  • Nombre personal: SKINNER, BURRHUS FREDERIC,
  • Fechas asociadas con el nombre: 1904-1990 -
  • Subdivisión temática general : CRITICA E INTERPRETACION

670 ## - FUENTE EN LA QUE SE LOCALIZARON DATOS

  • Cita de la fuente: T/P
  • Información localizada: Salvat universal

902 ## - CATALOGADOR

  • Catalogador: PNO/260597